Normal view
MARC view
- مشروعات صغيرة - تنظيم و إدارة
Entry Topical Term
001 - CONTROL NUMBER
- control field: 32788
003 - CONTROL NUMBER IDENTIFIER
- control field: JO-AjAnu
005 - DATE AND TIME OF LATEST TRANSACTION
- control field: 20230606075516.0
008 - FIXED-LENGTH DATA ELEMENTS
- fixed length control field: 230606|| aca||aabn | a|a d
040 ## - CATALOGING SOURCE
- Original cataloging agency: JO-AjAnu
- Transcribing agency: JO-AjAnu
150 ## - HEADING--TOPICAL TERM
- Topical term or geographic name entry element: مشروعات صغيرة - تنظيم و إدارة
670 ## - SOURCE DATA FOUND
- Source citation: Work cat.: (JO-AjAnu)16844: عنبه،هالة محمد لبيب, author 32787, ادارة المشروعات الصغيرة في الوطن العربي:دليل علمي لكيفية البدء بمشروع صغير وادارته في ظل التحديات المعاصرة